| 000 | 00000nam##2200000za#4500 |
| 001 | 9.614562 |
| 003 | CaOODSP |
| 005 | 20200327133733 |
| 007 | ta |
| 008 | 150406|1998||||xxc||||| f|0| 0 eng|d |
| 022 | |a0706-6457 |
| 040 | |aCaOODSP|beng |
| 043 | |an-cn--- |
| 086 | 1 |aFs97-6/2225E |
| 110 | 1 |aCanada. |bDepartment of Fisheries and Oceans. |
| 245 | 10|aDiet of cormorants, mergansers, and kingfishers in northeastern North America / |cby David K. Cairns. |
| 260 | |aOttawa - Ontario : |bFisheries and Oceans Canada |c1998. |
| 300 | |aiii, 29p. : |breferences, tables ; |c28 cm. |
| 490 | 1 |aCanadian technical report of fisheries and aquatic sciences|x0706-6457|v2225 |
| 500 | |a"This document reviews literature on cormorant, merganser, and kingfisher diets in the Atlantic Provinces, eastern Quebec, and the Atlantic New England states."--Page 1. Prepared at the Science Branch, Department of Fisheries and Oceans, Box 1236, Charlottetown, Prince Edward Island, C1A 7M8. |
| 520 | 3 |aThis document reviews literature on cormorant, merganser, and kingfisher diets in the Atlantic Provinces, eastern Quebec, and the Atlantic New England states.--Page 1 |
| 546 | |aRésumé en français |
| 563 | |aSpiral binding |
| 590 | |a98-36|b1998-09-04 |
| 720 | 1 |aCairns, David |
| 776 | 0#|tDiet of cormorants, mergansers, and kingfishers in northeastern North America / |w(CaOODSP)9.573999 |
| 830 | #0|aCanadian technical report of fisheries and aquatic sciences,|x0706-6457|v2225|w(CaOODSP)9.514691 |